Phân tích cấu trúc tài chính của các doanh nghiệp nhỏ và vừa trên địa bàn tỉnh Hậu Giang : Luận văn Thạc sĩ kinh tế. Chuyên ngành: Quản trị kinh doanh
Đề tài phân tích thực trạng doanh nghiệp nhỏ và vừa tại Hậu Giang. Phân tích các nhân tố ảnh hưởng đến cấu trúc tài chính của các doanh nghiệp nhỏ và vừa. Đề xuất các giải pháp và điều kiện để hoàn thiện cấu trúc tài chính cho các doan...
Saved in:
| Main Author: | |
|---|---|
| Format: | Book |
| Language: | Undetermined |
| Published: |
Cần Thơ
Trường Đại học Cần Thơ
2012
|
| Subjects: | |
| Tags: |
Add Tag
No Tags, Be the first to tag this record!
|
| Institutions: | Trung tâm Học liệu Trường Đại học Cần Thơ |
|---|
| LEADER | 01363nam a2200229Ia 4500 | ||
|---|---|---|---|
| 001 | CTU_175964 | ||
| 008 | 210402s9999 xx 000 0 und d | ||
| 082 | |a 658.1592 | ||
| 082 | |b L104 | ||
| 088 | |a 60340102 | ||
| 100 | |a Nguyễn, Thị Phương Lam | ||
| 245 | 0 | |a Phân tích cấu trúc tài chính của các doanh nghiệp nhỏ và vừa trên địa bàn tỉnh Hậu Giang : | |
| 245 | 0 | |b Luận văn Thạc sĩ kinh tế. Chuyên ngành: Quản trị kinh doanh | |
| 245 | 0 | |c Nguyễn Thị Phương Lam ; Võ Thành Danh (Hướng dẫn Khoa học) | |
| 260 | |a Cần Thơ | ||
| 260 | |b Trường Đại học Cần Thơ | ||
| 260 | |c 2012 | ||
| 520 | |a Đề tài phân tích thực trạng doanh nghiệp nhỏ và vừa tại Hậu Giang. Phân tích các nhân tố ảnh hưởng đến cấu trúc tài chính của các doanh nghiệp nhỏ và vừa. Đề xuất các giải pháp và điều kiện để hoàn thiện cấu trúc tài chính cho các doanh nghiệp nhỏ và vừa tỉnh Hậu Giang. | ||
| 650 | |a Financial management,Small business,Quản trị tài chính,Doanh nghiệp nhỏ | ||
| 650 | |x Finance,Tài chính | ||
| 904 | |i Năm | ||
| 980 | |a Trung tâm Học liệu Trường Đại học Cần Thơ | ||